<?xml version="1.0" encoding="UTF-8"?>
<record
    xmlns:xsi="http://www.w3.org/2001/XMLSchema-instance"
    xsi:schemaLocation="http://www.loc.gov/MARC21/slim http://www.loc.gov/standards/marcxml/schema/MARC21slim.xsd"
    xmlns="http://www.loc.gov/MARC21/slim">

  <leader>01364nam a2200265 i 4500</leader>
  <controlfield tag="003">DO-SdBNP</controlfield>
  <controlfield tag="005">20260525160325.0</controlfield>
  <controlfield tag="007">ta</controlfield>
  <controlfield tag="008">260525e2025    dr ||||gr|||||||| ||spa d</controlfield>
  <datafield tag="020" ind1=" " ind2=" ">
    <subfield code="a">9789945297386.</subfield>
  </datafield>
  <datafield tag="040" ind1=" " ind2=" ">
    <subfield code="a">DO-SdBNP</subfield>
    <subfield code="b">spa</subfield>
    <subfield code="c">BNPHU</subfield>
    <subfield code="e">rda</subfield>
  </datafield>
  <datafield tag="041" ind1=" " ind2=" ">
    <subfield code="a">spa</subfield>
  </datafield>
  <datafield tag="082" ind1=" " ind2=" ">
    <subfield code="b">P187a 2025</subfield>
    <subfield code="2">22</subfield>
  </datafield>
  <datafield tag="245" ind1=" " ind2=" ">
    <subfield code="a">Antolog&#xED;a po&#xE9;tica de mis maestros : </subfield>
    <subfield code="b">los sonetos : 800 a&#xF1;os de sonetos, un recorrido por su historia /</subfield>
    <subfield code="c">compilador: Rafael A. Panam&#xE1; Sanch&#xE9;z. Luz Mar&#xED;a Abreu Lantigua (Prologuista).</subfield>
  </datafield>
  <datafield tag="264" ind1=" " ind2=" ">
    <subfield code="a">Santo Domingo, Rep&#xFA;blica Dominicana : </subfield>
    <subfield code="b">Amigo del Hogar, </subfield>
    <subfield code="c">2025.</subfield>
  </datafield>
  <datafield tag="300" ind1=" " ind2=" ">
    <subfield code="a">193 p&#xE1;ginas ; </subfield>
    <subfield code="c">23 x 17 cm.</subfield>
  </datafield>
  <datafield tag="336" ind1=" " ind2=" ">
    <subfield code="a">texto</subfield>
    <subfield code="b">txt</subfield>
    <subfield code="2">rdacontent</subfield>
  </datafield>
  <datafield tag="337" ind1=" " ind2=" ">
    <subfield code="a">sin mediaci&#xF3;n </subfield>
    <subfield code="b">n</subfield>
    <subfield code="2">rdamedia</subfield>
  </datafield>
  <datafield tag="338" ind1=" " ind2=" ">
    <subfield code="a">volumen</subfield>
    <subfield code="b">nc</subfield>
    <subfield code="2">rdacarrier</subfield>
  </datafield>
  <datafield tag="520" ind1=" " ind2=" ">
    <subfield code="a">Un recorrido de 800 a&#xF1;os del Soneto. Desde sus inicios en el siglo XIII hasta la fecha. Sonetos de grandes autores, haciendo cita de su biograf&#xED;a de manera breve. Un libro bajo la estructura de la literatura cl&#xE1;sica del endecas&#xED;labo en la cual se abordan los Metros Italianos de los primeros sonetos. Un libro que ayudar&#xE1; a entender diferentes tipos y usos de conjunci&#xF3;n de la m&#xE9;trica.</subfield>
  </datafield>
  <datafield tag="650" ind1=" " ind2="0">
    <subfield code="a"> Investigaci&#xF3;n </subfield>
    <subfield code="9">2</subfield>
  </datafield>
  <datafield tag="700" ind1=" " ind2=" ">
    <subfield code="a">Panam&#xE1; S&#xE1;nchez, Rafael Antonio</subfield>
    <subfield code="9">89733</subfield>
    <subfield code="e">compilador</subfield>
  </datafield>
  <datafield tag="700" ind1=" " ind2=" ">
    <subfield code="a">Abreu Lantigua, Luz Mar&#xED;a, </subfield>
    <subfield code="d">1954-</subfield>
    <subfield code="9">78583</subfield>
    <subfield code="e">prologuista</subfield>
  </datafield>
  <datafield tag="942" ind1=" " ind2=" ">
    <subfield code="2">ddc</subfield>
    <subfield code="c">LBS1</subfield>
  </datafield>
  <datafield tag="952" ind1=" " ind2=" ">
    <subfield code="0">0</subfield>
    <subfield code="1">0</subfield>
    <subfield code="2">ddc</subfield>
    <subfield code="5">1</subfield>
    <subfield code="7">0</subfield>
    <subfield code="8">PD</subfield>
    <subfield code="a">BNPHU</subfield>
    <subfield code="b">BNPHU</subfield>
    <subfield code="c">CT</subfield>
    <subfield code="d">2026-05-25</subfield>
    <subfield code="l">0</subfield>
    <subfield code="o">P187a 2025</subfield>
    <subfield code="p">2026-4533</subfield>
    <subfield code="r">2026-05-25</subfield>
    <subfield code="w">2026-05-25</subfield>
    <subfield code="y">LBS1</subfield>
  </datafield>
  <datafield tag="952" ind1=" " ind2=" ">
    <subfield code="0">0</subfield>
    <subfield code="1">0</subfield>
    <subfield code="2">ddc</subfield>
    <subfield code="5">1</subfield>
    <subfield code="7">0</subfield>
    <subfield code="8">PD</subfield>
    <subfield code="a">BNPHU</subfield>
    <subfield code="b">BNPHU</subfield>
    <subfield code="c">CT</subfield>
    <subfield code="d">2026-05-25</subfield>
    <subfield code="l">0</subfield>
    <subfield code="o">P187a 2025</subfield>
    <subfield code="p">2026-4534</subfield>
    <subfield code="r">2026-05-25</subfield>
    <subfield code="t">e.2</subfield>
    <subfield code="w">2026-05-25</subfield>
    <subfield code="y">LBS1</subfield>
  </datafield>
  <datafield tag="999" ind1=" " ind2=" ">
    <subfield code="c">60822</subfield>
    <subfield code="d">60822</subfield>
  </datafield>
</record>
